[Event "West Bromwich Midland op-A"]
[Site "West Bromwich"]
[Date "2017.08.13"]
[Round "4"]
[White "Murphy, Conor"]
[Black "Hunt, Malcolm A"]
[Result "1-0"]
[WhiteElo "2164"]
[BlackElo "2039"]
[PlyCount "137"]
[EventDate "2017.08.11"]
[EventType "swiss"]
[EventRounds "5"]
[EventCountry "ENG"]
[SourceTitle "CBM 180 Extra"]
[Source "ChessBase"]
[SourceDate "2017.10.06"]
[SourceVersion "1"]
[SourceVersionDate "2017.10.06"]
[SourceQuality "1"]

1. d4 d5 2. c4 Bf5 3. Nc3 e6 4. Nf3 c6 5. Qb3 Qb6 6. c5 Qxb3 7. axb3 Nd7 8. b4 a6 9. b5 cxb5 10. Nxb5 Rc8 11. Nc3 Ne7 12. Bf4 h6 13. e3 Nc6 14. Be2 g5 15. Bg3 Bg7 16. Bd6 Bf8 17. Bxf8 Kxf8 18. 0-0 Ke7 19. Rfc1 Nb4 20. Ne1 Nb8 21. f3 N8c6 22. Na4 Bg6 23. Nb6 Rcd8 24. Rc3 e5 25. Rd1 Rhe8 26. Kf2 Kf6 27. Rd2 Re7 28. dxe5+ Nxe5 29. e4 d4 30. Rb3 Nec6 31. Nd3 Nxd3+ 32. Bxd3 Kg7 33. Nd5 Red7 34. Nb6 Rc7 35. Nd5 Rcd7 36. g4 Ne7 37. Bc4 Nxd5 38. Bxd5 Rxd5 39. exd5 Rxd5 40. Rxb7 Rxc5 41. Rxd4 Rc2+ 42. Kg3 Rc6 43. b4 Bc2 44. Rbd7 Ba4 45. R7d6 Rxd6 46. Rxd6 Bb5 47. f4 gxf4+ 48. Kxf4 Be2 49. g5 hxg5+ 50. Kxg5 Bb5 51. h4 Be2 52. Rf6 Bd3 53. h5 Bc4 54. h6+ Kg8 55. Rf4 Bb3 56. Kf6 Kh7 57. Rf3 Be6 58. Rf2 Bb3 59. Rh2 Be6 60. Kg5 Bb3 61. Rf2 Be6 62. Rf6 Bc4 63. Kf4 Kg8 64. Ke5 Bd3 65. h7+ Kxh7 66. Rxf7+ Kg6 67. Rf2 Bb5 68. Kd6 Bd3 69. Kc5 1-0

[Event "West Bromwich Midland op-A"]
[Site "West Bromwich"]
[Date "2017.08.12"]
[Round "3"]
[White "Hunt, Malcolm A"]
[Black "Harborne, Matthew J"]
[Result "1/2-1/2"]
[WhiteElo "2039"]
[BlackElo "2121"]
[PlyCount "47"]
[EventDate "2017.08.11"]
[EventType "swiss"]
[EventRounds "5"]
[EventCountry "ENG"]
[SourceTitle "CBM 180 Extra"]
[Source "ChessBase"]
[SourceDate "2017.10.06"]
[SourceVersion "1"]
[SourceVersionDate "2017.10.06"]
[SourceQuality "1"]

1. d4 Nf6 2. Nf3 g6 3. Bf4 c5 4. e3 cxd4 5. exd4 d6 6. c3 Bg7 7. Be2 Bd7 8. 0-0 0-0 9. Nbd2 Re8 10. Nc4 Bc6 11. h3 Nbd7 12. Bh2 Rc8 13. Ne3 Bxf3 14. Bxf3 Qb6 15. Qb3 Rc7 16. Rfe1 a6 17. Nd5 Nxd5 18. Bxd5 Qxb3 19. Bxb3 Nf6 20. Re2 Bf8 21. Rae1 Rec8 22. g4 b5 23. Bf4 e6 24. a3 1/2-1/2

[Event "West Bromwich Midland op-A"]
[Site "West Bromwich"]
[Date "2017.08.11"]
[Round "1"]
[White "Patel, Devan"]
[Black "Hunt, Malcolm A"]
[Result "1/2-1/2"]
[WhiteElo "1558"]
[BlackElo "2039"]
[PlyCount "54"]
[EventDate "2017.08.11"]
[EventType "swiss"]
[EventRounds "5"]
[EventCountry "ENG"]
[SourceTitle "CBM 180 Extra"]
[Source "ChessBase"]
[SourceDate "2017.10.06"]
[SourceVersion "1"]
[SourceVersionDate "2017.10.06"]
[SourceQuality "1"]

1. d4 d5 2. Nf3 Bf5 3. c4 e6 4. Nc3 c6 5. Bf4 Nd7 6. e3 Ngf6 7. cxd5 exd5 8. Bd3 Bxd3 9. Qxd3 Be7 10. 0-0 Nh5 11. Be5 f6 12. Bg3 Nxg3 13. hxg3 0-0 14. Nh4 Re8 15. Qf5 Bf8 16. Qg4 Nb6 17. e4 dxe4 18. Nxe4 Nd5 19. Rae1 Qc8 20. Qh5 g6 21. Nxg6 hxg6 22. Qxg6+ Bg7 23. Nd6 Rxe1 24. Qf7+ Kh8 25. Qh5+ Kg8 26. Qf7+ Kh8 27. Qh5+ Kg8 1/2-1/2

[Event "BCF-chT2a 1617 (4NCL)"]
[Site "England"]
[Date "2016.11.20"]
[Round "2.42"]
[White "Hunt, Malcolm A"]
[Black "Snape, Ian L"]
[Result "0-1"]
[WhiteElo "2054"]
[BlackElo "2282"]
[PlyCount "92"]
[EventDate "2016.11.19"]
[EventType "team-tourn"]
[EventRounds "11"]
[EventCountry "ENG"]
[SourceTitle "EXT 2019"]
[Source "ChessBase"]
[SourceDate "2018.10.10"]
[SourceVersion "1"]
[SourceVersionDate "2018.10.10"]
[SourceQuality "1"]
[WhiteTeam "Warwicks Select II"]
[BlackTeam "The ADS"]
[WhiteTeamCountry "ENG"]
[BlackTeamCountry "ENG"]

1. d4 c5 2. c3 cxd4 3. cxd4 d5 4. Nf3 Nf6 5. Nc3 Nc6 6. Bf4 a6 7. e3 Bg4 8. h3 Bxf3 9. Qxf3 e6 10. Bd3 Be7 11. Rc1 Rc8 12. 0-0 0-0 13. Bg5 Nd7 14. Bxe7 Qxe7 15. Qe2 f5 16. f4 Na5 17. b3 Qb4 18. Qd2 Rc6 19. Nb1 Qb6 20. Rxc6 Nxc6 21. Be2 Nf6 22. Nc3 Qb4 23. Rc1 Rc8 24. Nb1 Qd6 25. Nc3 b5 26. Bf3 Ne7 27. Ne2 Rc6 28. Qa5 Kf7 29. Rxc6 Qxc6 30. Nc3 Ne4 31. Bxe4 dxe4 32. Qb4 Nd5 33. Nxd5 exd5 34. Kh2 h6 35. a3 g5 36. fxg5 Qc7+ 37. Kg1 Qc1+ 38. Kh2 Qxe3 39. Qd6 Qxg5 40. Qxd5+ Kg6 41. Qe6+ Kh5 42. d5 Qf4+ 43. Kh1 Kh4 44. d6 Kg3 45. Qg6+ Kf2 46. d7 Qc1+ 0-1

[Event "BCF-ch Seniors 50"]
[Site "Bournemouth"]
[Date "2016.08.02"]
[Round "4"]
[White "Rice, Christopher"]
[Black "Hunt, Malcolm A"]
[Result "1/2-1/2"]
[WhiteElo "2006"]
[BlackElo "2061"]
[PlyCount "40"]
[EventDate "2016.07.30"]
[EventType "swiss"]
[EventRounds "7"]
[EventCountry "ENG"]
[SourceTitle "CBM 173 Extra"]
[Source "ChessBase"]
[SourceDate "2016.08.29"]
[SourceVersion "1"]
[SourceVersionDate "2016.08.29"]
[SourceQuality "1"]

1. c4 c5 2. g3 Nc6 3. Bg2 g6 4. Nc3 Bg7 5. Nf3 Nf6 6. d4 cxd4 7. Nxd4 Nxd4 8. Qxd4 d6 9. Qd3 0-0 10. 0-0 Rb8 11. c5 dxc5 12. Qxd8 Rxd8 13. Bf4 Ra8 14. Rfd1 Rf8 15. Rac1 Ne8 16. Na4 c4 17. Rxc4 Nd6 18. Bxd6 exd6 19. Rc7 Rb8 20. Nc3 a6 1/2-1/2

[Event "BCF-chT3Sb 1516 (4NCL)"]
[Site "England"]
[Date "2016.02.13"]
[Round "5.126"]
[White "Valentine, Brian J"]
[Black "Hunt, Malcolm A"]
[Result "0-1"]
[WhiteElo "1969"]
[BlackElo "2068"]
[PlyCount "132"]
[EventDate "2015.11.14"]
[EventType "team-swiss"]
[EventRounds "7"]
[EventCountry "ENG"]
[SourceTitle "EXT 2017"]
[Source "ChessBase"]
[SourceDate "2016.10.25"]
[SourceVersion "1"]
[SourceVersionDate "2016.10.25"]
[SourceQuality "1"]
[WhiteTeam "MK Phoenix II"]
[BlackTeam "Warwicks Select II"]
[WhiteTeamCountry "ENG"]
[BlackTeamCountry "ENG"]

1. e4 e5 2. Nf3 Nc6 3. Bb5 Nf6 4. Qe2 d6 5. d4 Bd7 6. c3 a6 7. Ba4 b5 8. Bb3 Be7 9. 0-0 0-0 10. Nbd2 h6 11. Re1 Re8 12. d5 Na5 13. Bc2 c6 14. b4 Nc4 15. Nxc4 bxc4 16. Qxc4 cxd5 17. exd5 Bb5 18. Qh4 Nxd5 19. Qg3 Nxc3 20. Bxh6 Bf6 21. Bg5 Ne2+ 22. Rxe2 Bxe2 23. Bxf6 Qxf6 24. Ng5 e4 25. Re1 Bd3 26. Bb3 Ra7 27. Qxd3 Qxg5 28. Qxd6 e3 29. f4 Qg4 30. Ba4 Ree7 31. Qd8+ Kh7 32. Qd3+ g6 33. Rxe3 Qxf4 34. Rh3+ Kg7 35. Qc3+ f6 36. Rf3 Rac7 37. Rxf4 Rxc3 38. b5 axb5 39. Bxb5 Rc1+ 40. Rf1 Rxf1+ 41. Kxf1 Rc7 42. Ba4 f5 43. Ke2 Kf6 44. Bb3 g5 45. h3 Ke5 46. Kf2 Rc3 47. g3 Ke4 48. Kg2 f4 49. gxf4 gxf4 50. h4 Ke3 51. Bd5 Rd3 52. Bc4 f3+ 53. Kg3 Rd2 54. h5 Rg2+ 55. Kh3 Rg1 56. a4 f2 57. a5 f1Q+ 58. Bxf1 Rxf1 59. Kg4 Ke4 60. Kg5 Ke5 61. Kg6 Ke6 62. h6 Rg1+ 63. Kh7 Kf6 64. a6 Rd1 65. a7 Rd7+ 66. Kg8 Rxa7 0-1

[Event "West Bromwich e2e4 op"]
[Site "West Bromwich"]
[Date "2014.02.23"]
[Round "5"]
[White "Hunt, Malcolm A"]
[Black "Gostelow, David W"]
[Result "1/2-1/2"]
[WhiteElo "2073"]
[BlackElo "2059"]
[PlyCount "35"]
[EventDate "2014.02.21"]
[EventType "swiss"]
[EventRounds "5"]
[EventCountry "ENG"]
[SourceTitle "CBM 159 Extra"]
[Source "ChessBase"]
[SourceDate "2014.04.24"]
[SourceVersion "1"]
[SourceVersionDate "2014.04.24"]
[SourceQuality "1"]

1. d4 d5 2. Bf4 Nf6 3. Nf3 c5 4. c3 Qb6 5. Qb3 Nc6 6. e3 c4 7. Qc2 Bf5 8. Qc1 e6 9. h3 h6 10. Nbd2 Qd8 11. Be2 Be7 12. 0-0 0-0 13. Re1 b5 14. Bd1 a5 15. Bc2 Bxc2 16. Qxc2 Bd6 17. Bxd6 Qxd6 18. e4 1/2-1/2

[Event "West Bromwich e2e4 op"]
[Site "West Bromwich"]
[Date "2014.02.23"]
[Round "4"]
[White "Hunt, Malcolm A"]
[Black "Truman, Richard G"]
[Result "1-0"]
[WhiteElo "2073"]
[BlackElo "1963"]
[PlyCount "85"]
[EventDate "2014.02.21"]
[EventType "swiss"]
[EventRounds "5"]
[EventCountry "ENG"]
[SourceTitle "CBM 159 Extra"]
[Source "ChessBase"]
[SourceDate "2014.04.24"]
[SourceVersion "1"]
[SourceVersionDate "2014.04.24"]
[SourceQuality "1"]

1. d4 Nf6 2. Nf3 g6 3. Bf4 Bg7 4. h3 0-0 5. e3 c5 6. c3 cxd4 7. exd4 d6 8. Be2 Qb6 9. Qb3 Be6 10. Qxb6 axb6 11. a3 Nc6 12. Nbd2 Rfc8 13. 0-0 Na5 14. Rfe1 h6 15. Bd3 Rc7 16. Bxg6 Nd5 17. Bg3 b5 18. Bd3 Nc4 19. Rab1 Ndb6 20. Re2 Na4 21. Nxc4 bxc4 22. Be4 Ra6 23. d5 Bc8 24. Bc2 Nc5 25. Rbe1 Bf6 26. Nd4 Rb6 27. Nf5 Rxb2 28. Nxd6 b5 29. Nxc4 bxc4 30. Bxc7 Bxc3 31. Rb1 Rxb1+ 32. Bxb1 Bf6 33. Be5 Kg7 34. f4 Ba6 35. Re3 Na4 36. Bc2 Nb6 37. Rg3+ Kf8 38. Bxf6 exf6 39. d6 Bb5 40. Bf5 Bc6 41. Re3 Nd5 42. Re1 Nb6 43. Kf2 1-0

[Event "West Bromwich e2e4 op"]
[Site "West Bromwich"]
[Date "2014.02.22"]
[Round "2"]
[White "Hunt, Malcolm A"]
[Black "Asenov, Pavel"]
[Result "1/2-1/2"]
[WhiteElo "2073"]
[BlackElo "1863"]
[PlyCount "99"]
[EventDate "2014.02.21"]
[EventType "swiss"]
[EventRounds "5"]
[EventCountry "ENG"]
[SourceTitle "CBM 159 Extra"]
[Source "ChessBase"]
[SourceDate "2014.04.24"]
[SourceVersion "1"]
[SourceVersionDate "2014.04.24"]
[SourceQuality "1"]

1. d4 Nf6 2. Nf3 g6 3. Bf4 Bg7 4. h3 0-0 5. e3 d6 6. c4 Nbd7 7. Nc3 b6 8. Be2 Bb7 9. 0-0 Re8 10. b4 e5 11. Bh2 exd4 12. Nxd4 a6 13. Rc1 Ne4 14. Nxe4 Bxe4 15. Bf3 Bxf3 16. Qxf3 Ne5 17. Qe2 c5 18. bxc5 dxc5 19. Nf3 Qd3 20. Qxd3 Nxd3 21. Rb1 Nb2 22. Rfc1 Na4 23. Rb3 b5 24. a3 Nb2 25. cxb5 c4 26. Rxb2 Bxb2 27. Rxc4 axb5 28. Rb4 Rxa3 29. Bf4 Bg7 30. Rxb5 h6 31. Rb8 Rxb8 32. Bxb8 f5 33. h4 Ra1+ 34. Kh2 Ra2 35. Kg3 Bf6 36. Bf4 Kg7 37. Be5 g5 38. hxg5 Bxe5+ 39. Nxe5 hxg5 40. Nf3 Kf6 41. Nd4 Rb2 42. Nf3 g4 43. Nd4 Ke5 44. Nc6+ Ke4 45. Ne7 Rb5 46. Ng6 Rb7 47. Nf4 Rb6 48. f3+ gxf3 49. gxf3+ Ke5 50. Nd3+ 1/2-1/2

[Event "West Bromwich e2e4 op"]
[Site "West Bromwich"]
[Date "2014.02.22"]
[Round "3"]
[White "Potter, Steven"]
[Black "Hunt, Malcolm A"]
[Result "0-1"]
[WhiteElo "1867"]
[BlackElo "2073"]
[PlyCount "70"]
[EventDate "2014.02.21"]
[EventType "swiss"]
[EventRounds "5"]
[EventCountry "ENG"]
[SourceTitle "CBM 159 Extra"]
[Source "ChessBase"]
[SourceDate "2014.04.24"]
[SourceVersion "1"]
[SourceVersionDate "2014.04.24"]
[SourceQuality "1"]

1. d4 Nf6 2. Bg5 e6 3. e4 h6 4. Bxf6 Qxf6 5. Nf3 g6 6. Bd3 Bg7 7. c3 d6 8. Nbd2 Nd7 9. 0-0 0-0 10. Qc2 e5 11. d5 Nc5 12. Be2 a5 13. a3 a4 14. Ne1 Bd7 15. Nd3 Nxd3 16. Qxd3 Qe7 17. Qg3 Kh7 18. Bd3 f5 19. exf5 gxf5 20. f4 e4 21. Rae1 Qf7 22. Bb1 Rae8 23. Ba2 Rg8 24. Qf2 b6 25. Re3 Bf6 26. Kh1 Rg4 27. Rfe1 Bb5 28. c4 Bd7 29. Rh3 Qg7 30. Bb1 Bxb2 31. Nxe4 Bd4 32. Ng5+ Rxg5 33. Rxh6+ Qxh6 34. fxg5 Bxf2 35. Rxe8 Qxg5 0-1

[Event "BCF-chT3 1011 (4NCL)"]
[Site "England"]
[Date "2010.11.06"]
[Round "1.36"]
[White "Hunt, Malcolm A"]
[Black "Flynn, David"]
[Result "1-0"]
[WhiteElo "2076"]
[BlackElo "2061"]
[PlyCount "51"]
[EventDate "2010.11.06"]
[EventType "team-swiss"]
[EventRounds "9"]
[EventCountry "ENG"]
[SourceTitle "CBM 139 Extra"]
[Source "ChessBase"]
[SourceDate "2011.01.05"]
[SourceVersion "1"]
[SourceVersionDate "2011.01.05"]
[SourceQuality "1"]
[WhiteTeam "Warwicks Select II"]
[BlackTeam "e2e4.org.uk III"]
[WhiteTeamCountry "ENG"]
[BlackTeamCountry "ENG"]

1. d4 Nf6 2. Nf3 g6 3. Bf4 Bg7 4. h3 d5 5. e3 c5 6. c3 Nc6 7. Be2 0-0 8. 0-0 Nd7 9. Nbd2 e5 10. dxe5 Ndxe5 11. Nxe5 Nxe5 12. Nf3 Nc6 13. Qb3 Na5 14. Qb5 b6 15. Rad1 Bb7 16. b4 Bc6 17. Qd3 Nc4 18. Qc2 Na3 19. Qb3 Nb5 20. Be5 c4 21. Qb2 f6 22. Bg3 Qe7 23. a4 Nd6 24. Bxd6 Qxd6 25. Bxc4 Bxa4 26. Rxd5 1-0

[Event "BCF-chT3 0910 (4NCL)"]
[Site "England"]
[Date "2010.03.28"]
[Round "8.1"]
[White "Jones, Richard S"]
[Black "Hunt, Malcolm A"]
[Result "1-0"]
[WhiteElo "2332"]
[BlackElo "2088"]
[PlyCount "107"]
[EventDate "2009.10.24"]
[EventType "team-tourn"]
[EventRounds "11"]
[EventCountry "ENG"]
[SourceTitle "EXT 2011"]
[Source "ChessBase"]
[SourceDate "2010.11.26"]
[SourceVersion "1"]
[SourceVersionDate "2010.11.26"]
[SourceQuality "1"]
[WhiteTeam "Rhyfelwyr Essyllwg"]
[BlackTeam "Warwicks Select II"]
[WhiteTeamCountry "ENG"]
[BlackTeamCountry "ENG"]

1. e4 e5 2. Nf3 Nc6 3. Bb5 Nf6 4. 0-0 Nxe4 5. d4 Nd6 6. Bxc6 dxc6 7. dxe5 Nf5 8. Qxd8+ Kxd8 9. Nc3 Ke8 10. h3 b6 11. Bf4 Ba6 12. Rfe1 Bb4 13. Bd2 Rd8 14. Rad1 Bxc3 15. bxc3 Bc4 16. Bg5 Rxd1 17. Rxd1 Ne7 18. Nd4 h6 19. Bxe7 Kxe7 20. Nxc6+ Ke6 21. f4 g5 22. Nd4+ Kd5 23. Nb3+ Ke6 24. Nd4+ Kd5 25. Nf3+ Ke6 26. fxg5 hxg5 27. Nxg5+ Kxe5 28. Rd7 Kf6 29. Ne4+ Ke6 30. Rxc7 Bxa2 31. Rxa7 Bd5 32. Nf2 Rc8 33. Ra3 f5 34. Nd3 Be4 35. Kf2 Rg8 36. g3 Kd5 37. Rb3 Kc6 38. h4 Ra8 39. c4 Ra1 40. Ke3 Rg1 41. Kd4 Kc7 42. Nb4 Kd7 43. Rc3 Kd6 44. Nd5 Rd1+ 45. Ke3 Bxd5 46. cxd5 Re1+ 47. Kf2 Rc1 48. Ke3 Kxd5 49. Kf4 Rf1+ 50. Kg5 b5 51. h5 Ke4 52. h6 Rh1 53. Rb3 Rg1 54. h7 1-0

[Event "BCF-chT2 0607 (4NCL)"]
[Site "Sunningdale"]
[Date "2007.05.05"]
[Round "9.65"]
[White "Dunn, Andrew"]
[Black "Hunt, Malcolm A"]
[Result "1-0"]
[WhiteElo "2196"]
[BlackElo "2087"]
[PlyCount "83"]
[EventDate "2006.09.16"]
[EventType "team"]
[EventRounds "11"]
[EventCountry "ENG"]
[SourceTitle "EXT 2008"]
[Source "ChessBase"]
[SourceDate "2007.11.25"]
[SourceVersion "1"]
[SourceVersionDate "2007.11.25"]
[SourceQuality "1"]
[WhiteTeam "Poisoned Pawns"]
[BlackTeam "Warwicks Select"]
[WhiteTeamCountry "ENG"]
[BlackTeamCountry "ENG"]

1. c4 c6 2. Nc3 d5 3. d4 Nf6 4. e3 a6 5. Nf3 b5 6. b3 Bg4 7. Be2 e6 8. h3 Bxf3 9. Bxf3 Nbd7 10. 0-0 Bd6 11. Bb2 0-0 12. Rc1 Qe7 13. Qc2 Rac8 14. e4 b4 15. e5 bxc3 16. exd6 Qxd6 17. Qxc3 Qb8 18. Qa5 Qb6 19. Qxb6 Nxb6 20. Ba3 Rfe8 21. cxd5 cxd5 22. Be2 a5 23. Bb5 Rxc1 24. Rxc1 Rc8 25. Rxc8+ Nxc8 26. f3 Nb6 27. Bd6 Nfd7 28. a4 f6 29. f4 Kf7 30. Bc7 e5 31. fxe5 fxe5 32. dxe5 Ke6 33. Kf2 d4 34. Ke2 Kd5 35. Kd2 g5 36. g3 h5 37. Kc2 g4 38. hxg4 hxg4 39. Kd2 Ke6 40. Kd3 Nxe5+ 41. Kxd4 Nf3+ 42. Kc5 1-0

[Event "BCF-chT2 0506 (4NCL)"]
[Site "Birmingham"]
[Date "2006.03.04"]
[Round "7.7"]
[White "Hunt, Malcolm A"]
[Black "Curtis, John E"]
[Result "1/2-1/2"]
[WhiteElo "2108"]
[BlackElo "2126"]
[PlyCount "32"]
[EventDate "2005.10.22"]
[EventType "team"]
[EventRounds "11"]
[EventCountry "ENG"]
[SourceTitle "EXT 2007"]
[Source "ChessBase"]
[SourceDate "2006.11.23"]
[SourceVersion "1"]
[SourceVersionDate "2006.11.23"]
[SourceQuality "1"]
[WhiteTeam "Warwicks Select"]
[BlackTeam "Bristol"]
[WhiteTeamCountry "ENG"]
[BlackTeamCountry "ENG"]

1. d4 Nf6 2. Nf3 c5 3. c3 cxd4 4. cxd4 d5 5. Nc3 Nc6 6. Bf4 a6 7. e3 Bg4 8. Be2 e6 9. Rc1 Bd6 10. Bxd6 Qxd6 11. 0-0 0-0 12. h3 Bxf3 13. Bxf3 b5 14. Qd2 Rab8 15. Rfd1 Rfc8 16. Qd3 h6 1/2-1/2

[Event "BCF-chT2 0405 (4NCL)"]
[Site "West Bromwich"]
[Date "2005.05.02"]
[Round "11.5"]
[White "Hunt, Malcolm A"]
[Black "Lewis, Alex"]
[Result "0-1"]
[WhiteElo "2143"]
[BlackElo "2145"]
[PlyCount "150"]
[EventDate "2004.09.18"]
[EventType "team"]
[EventRounds "11"]
[EventCountry "ENG"]
[SourceTitle "EXT 2006"]
[Source "ChessBase"]
[SourceDate "2005.11.24"]
[SourceVersion "1"]
[SourceVersionDate "2005.11.24"]
[SourceQuality "1"]
[WhiteTeam "Warwicks Select"]
[BlackTeam "Kings Head"]
[WhiteTeamCountry "ENG"]
[BlackTeamCountry "ENG"]

1. d4 Nf6 2. Nf3 g6 3. h3 Bg7 4. Bf4 0-0 5. e3 d6 6. c4 Nbd7 7. Nc3 Re8 8. Be2 b6 9. 0-0 Bb7 10. Re1 Ne4 11. Nxe4 Bxe4 12. Nd2 Bb7 13. Bf3 Bxf3 14. Nxf3 c5 15. Qc2 Qc7 16. d5 Rab8 17. a4 a6 18. Ra2 b5 19. axb5 axb5 20. b3 bxc4 21. bxc4 Rb4 22. e4 Reb8 23. Bd2 Rb3 24. Re3 Rb1+ 25. Re1 R1b7 26. Bc3 Bxc3 27. Qxc3 f6 28. Rea1 Rb1+ 29. Rxb1 Rxb1+ 30. Kh2 Qb8 31. Qa5 Kf7 32. Qd2 Kg7 33. Qa5 Rb4 34. Nd2 Ne5 35. Qa6 Rb2 36. Nf3 Rb6 37. Qa5 Nxc4 38. Qc3 Ne5 39. Nxe5 fxe5 40. f4 Rb3 41. Qa1 Rb1 42. Qc3 Rb3 43. Qa1 Qf8 44. Rf2 Qf6 45. Qf1 Ra3 46. f5 Qh4 47. fxg6 Qg3+ 48. Kg1 Qxg6 49. Qb1 Qg3 50. Rf1 Qb3 51. Qxb3 Rxb3 52. Kf2 e6 53. dxe6 Kf6 54. Ra1 Rb7 55. Ra8 Kxe6 56. Re8+ Kd7 57. Rh8 Kc6 58. g4 c4 59. g5 Kc5 60. Ke3 Rb3+ 61. Kd2 Kd4 62. Rxh7 c3+ 63. Kc1 Kd3 64. Rd7 Rb6 65. Ra7 Rb8 66. Rd7 Rb6 67. Ra7 Kxe4 68. Kc2 d5 69. Kxc3 d4+ 70. Kc2 d3+ 71. Kc1 Ke3 72. Ra2 Rc6+ 73. Kd1 Rc8 74. h4 Rf8 75. Ke1 Rb8 0-1

[Event "BCF-chT4b 0405 (4NCL)"]
[Site "Telford"]
[Date "2005.02.26"]
[Round "5.1"]
[White "Hunt, Malcolm A"]
[Black "Fegan, Chris"]
[Result "1/2-1/2"]
[WhiteElo "2143"]
[BlackElo "2133"]
[PlyCount "75"]
[EventDate "2004.11.06"]
[EventType "team"]
[EventRounds "11"]
[EventCountry "ENG"]
[SourceTitle "EXT 2006"]
[Source "ChessBase"]
[SourceDate "2005.11.24"]
[SourceVersion "1"]
[SourceVersionDate "2005.11.24"]
[SourceQuality "1"]
[WhiteTeam "Warwicks Select II"]
[BlackTeam "Metropolitan"]
[WhiteTeamCountry "ENG"]
[BlackTeamCountry "ENG"]

1. d4 d5 2. Bf4 e6 3. e3 Bd6 4. Bg3 Nf6 5. Nf3 0-0 6. Bd3 c5 7. c3 b6 8. Qe2 Nc6 9. Nbd2 Re8 10. 0-0 Bxg3 11. hxg3 Qd6 12. Bb5 Bd7 13. Bxc6 Bxc6 14. Ne5 Bb7 15. Rfd1 Rac8 16. Rac1 Nd7 17. Nxd7 Qxd7 18. f4 f6 19. Nf3 Qe7 20. Kh2 Qf7 21. Rh1 h6 22. Kg1 Qg6 23. Rh3 Rc7 24. Qc2 Qe4 25. Kf2 e5 26. dxe5 fxe5 27. Qxe4 dxe4 28. Nxe5 Rd8 29. g4 Rd2+ 30. Kg3 Rxb2 31. g5 Re2 32. Rd1 Kf8 33. Kh2 hxg5 34. fxg5 Rxa2 35. Rf1+ Ke7 36. Rf7+ Kd6 37. Nc4+ Kc6 38. Ne5+ 1/2-1/2

[Event "BCF-chT2 0405 (4NCL)"]
[Site "West Bromwich"]
[Date "2004.11.20"]
[Round "3.6"]
[White "Maduekwe, Chiedu U"]
[Black "Hunt, Malcolm A"]
[Result "1-0"]
[WhiteElo "2142"]
[BlackElo "2153"]
[PlyCount "43"]
[EventDate "2004.09.18"]
[EventType "team"]
[EventRounds "11"]
[EventCountry "ENG"]
[SourceTitle "EXT 2006"]
[Source "ChessBase"]
[SourceDate "2005.11.24"]
[SourceVersion "1"]
[SourceVersionDate "2005.11.24"]
[SourceQuality "1"]
[WhiteTeam "Wood Green III"]
[BlackTeam "Warwicks Select"]
[WhiteTeamCountry "ENG"]
[BlackTeamCountry "ENG"]

1. d4 d5 2. c4 c6 3. Nf3 Nf6 4. Nc3 a6 5. e3 b5 6. b3 Bg4 7. Be2 Nbd7 8. h3 Bh5 9. 0-0 e6 10. Bb2 Bd6 11. c5 Bc7 12. Ne5 Bxe2 13. Nxe2 Nxe5 14. dxe5 Nd7 15. f4 0-0 16. Nd4 Nb8 17. Qg4 Qd7 18. f5 Bxe5 19. f6 Bxf6 20. Rxf6 e5 21. Nf5 g6 22. Bxe5 1-0

[Event "BCF-chT 0304 (4NCL)"]
[Site "West Bromwich"]
[Date "2004.05.03"]
[Round "9.6"]
[White "Emms, John M"]
[Black "Hunt, Malcolm A"]
[Result "1-0"]
[WhiteElo "2508"]
[BlackElo "1992"]
[PlyCount "65"]
[EventDate "2003.10.18"]
[EventType "team"]
[EventRounds "11"]
[EventCountry "ENG"]
[SourceTitle "EXT 2005"]
[Source "ChessBase"]
[SourceDate "2004.11.15"]
[SourceVersion "1"]
[SourceVersionDate "2004.11.15"]
[SourceQuality "1"]
[WhiteTeam "Wood Green"]
[BlackTeam "Warwicks Select"]
[WhiteTeamCountry "ENG"]
[BlackTeamCountry "ENG"]

1. e4 e5 2. Bc4 Nf6 3. d3 c6 4. Nf3 d5 5. Bb3 Bd6 6. Nc3 Be6 7. Bg5 Qa5 8. 0-0 Nbd7 9. exd5 cxd5 10. Re1 0-0 11. Qd2 Kh8 12. Bxf6 Nxf6 13. d4 Bb4 14. Nxe5 Ne4 15. Qe3 Bxc3 16. bxc3 Qxc3 17. Nd3 a5 18. Nf4 Qc6 19. Nxd5 Nxf2 20. Ne7 Ng4 21. Nxc6 Nxe3 22. Rxe3 Bxb3 23. axb3 bxc6 24. Re5 g6 25. Raxa5 Rxa5 26. Rxa5 Rd8 27. c3 Kg7 28. Kf2 h5 29. h4 Rd6 30. b4 Kf6 31. Ke3 Ke6 32. c4 f6 33. Ra6 1-0

[Event "BCF-chT2 0203 (4NCL)"]
[Site "West Bromwich"]
[Date "2003.04.13"]
[Round "8.7"]
[White "Cast, Jason"]
[Black "Hunt, Malcolm A"]
[Result "0-1"]
[WhiteElo "1840"]
[BlackElo "1960"]
[PlyCount "102"]
[EventDate "2002.11.??"]
[EventType "team"]
[EventRounds "11"]
[EventCountry "ENG"]
[SourceTitle "EXT 2004"]
[Source "ChessBase"]
[SourceDate "2003.11.25"]
[SourceVersion "1"]
[SourceVersionDate "2003.11.25"]
[SourceQuality "1"]
[WhiteTeam "SW Dragons II"]
[BlackTeam "Warwicks Select"]
[WhiteTeamCountry "ENG"]
[BlackTeamCountry "ENG"]

1. e4 e5 2. Nf3 Nc6 3. Bb5 Nf6 4. 0-0 Nxe4 5. Re1 Nd6 6. Nxe5 Be7 7. Bxc6 dxc6 8. Qe2 Be6 9. Nc3 Nf5 10. d3 Nd4 11. Qd1 0-0 12. Ne4 f6 13. Nf3 Bg4 14. Ned2 Re8 15. c3 Nxf3+ 16. Nxf3 Qd5 17. Qb3 Bxf3 18. gxf3 Bd6 19. Be3 Qxb3 20. axb3 a6 21. f4 Re6 22. Kg2 Rae8 23. Kf3 f5 24. Bd2 Rxe1 25. Rxe1 Rxe1 26. Bxe1 Kf7 27. Bd2 Ke6 28. Be3 c5 29. d4 cxd4 30. Bxd4 g6 31. h3 b5 32. c4 c6 33. Ke3 c5 34. Bc3 b4 35. Bd2 Be7 36. Kf3 Bf6 37. Bc1 Kd6 38. Ke2 Bd4 39. Kf3 a5 40. Ke2 h6 41. f3 Ke6 42. Kd3 Kf6 43. Be3 Bxe3 44. Kxe3 g5 45. h4 Kg6 46. fxg5 hxg5 47. hxg5 Kxg5 48. Ke2 Kh4 49. Kf2 Kh3 50. Ke2 Kg2 51. Ke3 Kg3 0-1

[Event "BCF-chT2 0203 (4NCL)"]
[Site "West Bromwich"]
[Date "2003.04.12"]
[Round "7.7"]
[White "Hunt, Malcolm A"]
[Black "Burnett, Jim"]
[Result "0-1"]
[WhiteElo "1960"]
[BlackElo "2187"]
[PlyCount "58"]
[EventDate "2002.11.??"]
[EventType "team"]
[EventRounds "11"]
[EventCountry "ENG"]
[SourceTitle "EXT 2004"]
[Source "ChessBase"]
[SourceDate "2003.11.25"]
[SourceVersion "1"]
[SourceVersionDate "2003.11.25"]
[SourceQuality "1"]
[WhiteTeam "Warwicks Select"]
[BlackTeam "White Rose"]
[WhiteTeamCountry "ENG"]
[BlackTeamCountry "ENG"]

1. d4 d5 2. c4 e6 3. Nc3 c6 4. cxd5 exd5 5. Nf3 Bf5 6. Bg5 Qb6 7. Qb3 h6 8. Qxb6 axb6 9. Bh4 b5 10. e3 b4 11. Nd1 Nd7 12. Be2 Ngf6 13. Nd2 Bd6 14. Bg3 Be7 15. 0-0 0-0 16. f3 Ra7 17. Nb3 b6 18. Nf2 Rfa8 19. Nc1 c5 20. dxc5 bxc5 21. Bd3 Bxd3 22. Nfxd3 c4 23. Ne5 Bc5 24. Re1 Nxe5 25. Bxe5 Re7 26. Bxf6 gxf6 27. Kf2 Rae8 28. Ne2 Bxe3+ 29. Kf1 Bd2 0-1